| 000 | 00735cab a2200229 4500 | ||
|---|---|---|---|
| 001 | WB2922-61 | ||
| 008 | 090401t1993 xxu||||| |||| 00| 0 eng d | ||
| 035 | _a(Sirsi) u48547 | ||
| 041 | _aeng | ||
| 245 | _aMerged firms rise | ||
| 260 | _c1993 | ||
| 350 | _a0 | ||
| 490 |
_aCSW - The Property Week _v43(11) 10 June 1993, 7(1) |
||
| 520 | _aMerged firms shot to the top of the 1993 "Chartered Surveyors Survey" Top 100 with King Sturge, DTZ Debenham Thorpe and Chesterton leading the table. | ||
| 650 | _aABOUT RICS-RICS MEMBERS | ||
| 650 | _aECONOMIC DEVELOPMENT BRIEFING | ||
| 650 | _aMERGERS | ||
| 650 | _aRANKING | ||
| 690 | _aMANAGEMENT-BUSINESS MANAGEMENT-PROFESSIONAL PRACTICE | ||
| 942 | _n0 | ||
| 948 | _c04/03/1997 | ||
| 999 |
_c30496 _d30496 |
||